000 00447nam a2200169 a 4500
001 0000-8946
003 ELIB.Books
008 110520 1985
035 _a(ELIB.Books)0000-9094
082 _a230
_bDru
100 _aDrummond, Richard Henry
245 _aToward a New Age in Christian Theology
260 _bMaryknoll: Orbis Books
_c1985
650 _aChristian Theology
942 _2ddc
_cBK
998 _cbat
_e2011-05-20
999 _c8946
_d8946